| 000 | 03931nam0a2200445 4500 | ||
|---|---|---|---|
| 001 | RU\NLR\BIBL_A\016271925 | ||
| 005 | 20230809082856.0 | ||
| 010 |
_a978-5-9948-4443-4 _950 |
||
| 021 |
_aRU _bКН-П-22-092199 _9КН-П-22-8218 |
||
| 035 | _a(NLR Aleph) 016271925 | ||
| 035 | _a(RuMoRGB)011494590 | ||
| 090 |
_a12889124 _c12889124 |
||
| 100 | _a20230130d2022 k y0rusy50 ca | ||
| 101 | 0 |
_arus _deng |
|
| 102 | _aRU | ||
| 105 | _aab||z|||1||z| | ||
| 181 | 1 |
_ai3 _baxxe |
|
| 182 | 1 | _an | |
| 200 | 1 |
_aМолодежь и научно-технический прогресс в дорожной отрасли юга России _dYouth and scientific-and-technical progress in the roadfield of the south of Russia _eматериалы XVI международной научно-технической конференции студентов, аспирантов и молодых ученых, 25-27 мая 2022 г., Волгоград _fМинистерство науки и высшего образования Российской Федерации, Волгоградский государственный технический университет _gредакционная коллегия: Алексиков С. В., д-р техн. наук, проф. [и др.] _zeng |
|
| 203 |
_aТекст _bвизуальный _cнепосредственный |
||
| 210 |
_aВолгоград _cВолгГТУ _d2022 |
||
| 215 |
_a284 с. _cил., карт. _d21 |
||
| 300 | _aРез. англ. | ||
| 313 | _aПо пред. конф. 2021г. | ||
| 320 | _aБиблиогр. в конце ст. | ||
| 330 | _aСодержатся материалы XVI Международной научно-технической конференции "Молодежь и научно-технический прогресс в дорожной отрасли юга России", целью которой является помощь ученым и молодым специалистам России в представлении результатов своих научно-исследовательских и экспериментальных работ широкому кругу научной общественности, ознакомление представителей дорожных предприятий и учреждений, преподавателей, аспирантов и студентов вузов с последними достижениями в области повышения эффективности работы дорожно-строительного комплекса, строительства и эксплуатации автомобильных дорог, безопасности дорожного движения | ||
| 510 | 1 |
_aYouth and scientific-and-technical progress in the roadfield of the south of Russia _zeng |
|
| 606 | 1 |
_aДорожное строительство _jСъезды, совещания и т.п _2nlr_sh1 _2nlr_sh2 _3RU\NLR\AUTH\662977 |
|
| 675 |
_a625.7/.8(082) _v4 |
||
| 686 |
_a39.311 _2rubbks |
||
| 686 | 1 | _aУ31(2)537.3-55я431 | |
| 686 | 1 | _aО311я431(0) | |
| 702 | 1 |
_aАлексиков _bС. В. _gСергей Васильевич _4340 |
|
| 711 | 1 | 2 |
_a"Молодежь и научно-технический прогресс в дорожной отрасли юга России", международная научно-техническая конференция студентов, аспирантов и молодых ученых _d16 _f2022 _eВолгоград _3RU\NLR\AUTH\880583906 |
| 712 | 0 | 2 |
_aВолгоградский государственный технический университет _3RU\NLR\AUTH\886978 _4475 |
| 942 | _cBOOK | ||
| 980 | _aNB | ||